[Event "TCh-NED"]
[Site "Netherlands NED"]
[Date "2010.12.11"]
[Round "4.4"]
[White "Van den Doel,E"]
[Black "Wiersma,E"]
[Result "1-0"]
[WhiteElo "2573"]
[BlackElo "2419"]

1.e4 c5 2.Nc3 Nc6 3.Bb5 Nd4 4.Nf3 Nxb5 5.Nxb5 d6 6.d4 Nf6 7.Nc3 cxd4 8.Qxd4 e5
9.Qa4+ Bd7 10.Qb3 Bc6 11.Bg5 Qb6 12.Bxf6 gxf6 13.Nd5 Qxb3 14.axb3 Bxd5 15.exd5 Be7
16.Nh4 Bd8 17.Nf5 Kd7 18.Nh6 Bb6 19.Ke2 Rhc8 20.c3 Rc5 21.Rhd1 Rb5 22.b4 Rc8
23.Rd2 Ke7 24.f3 a6 25.g4 Bd8 26.h4 a5 27.bxa5 Bxa5 28.Ra3 Bb6 29.b4 Bd8
30.Rd3 Rc4 31.Ra8 e4 32.fxe4 Rxe4+ 33.Kf3 Re5 34.Rb8 Rb6 35.Rd1 Bc7 36.Ng8+ Kd7
37.Nxf6+ Ke7 38.Ng8+ Kd7 39.Rf8 Bd8 40.Rxf7+ Kc8 41.g5 Ra6 42.Rxh7 Ra2 43.Nh6  1-0

[Event "48th ch-IND"]
[Site "New Delhi IND"]
[Date "2010.12.11"]
[Round "3"]
[White "Prathamesh,S"]
[Black "Stany,G"]
[Result "0-1"]
[WhiteElo "2408"]
[BlackElo "2329"]

1.e4 c5 2.Nf3 Nc6 3.Nc3 Nf6 4.Bb5 Qc7 5.d3 Nd4 6.Ba4 a6 7.Nxd4 cxd4 8.Ne2 b5
9.Bb3 e5 10.O-O d6 11.f4 Be6 12.Ng3 Bxb3 13.cxb3 Nd7 14.Bd2 g6 15.Rc1 Qb6
16.Qc2 Be7 17.f5 O-O 18.Bh6 Rfd8 19.b4 d5 20.Qb3 Qd6 21.a3 Nf6 22.Qd1 dxe4
23.dxe4 Rac8 24.Qd3 Qb6 25.Bg5 Kg7 26.Qd2 Rc4 27.Kh1 Rdc8 28.Rcd1 Rc2 29.Bh6+ Kh8
30.Rc1 R2c4 31.Rxc4 bxc4 32.Qf2 Ng4 33.Qd2 Nf6 34.fxg6 hxg6 35.Qg5 Qe6 36.Nf5 Nh7
37.Qg4 Rg8 38.Qh3 gxf5 39.exf5 Qf6 40.Rc1 Rc8 41.Bd2 Qh4 42.Qf3 e4 43.Qf1 e3
44.Be1 Qe4 45.Rxc4 Rxc4 46.Qxc4 Nf6 47.h3 d3  0-1

[Event "48th ch-IND"]
[Site "New Delhi IND"]
[Date "2010.12.12"]
[Round "4"]
[White "Vishnu,P"]
[Black "Tiwari,Ar"]
[Result "1/2-1/2"]
[WhiteElo "2406"]
[BlackElo "2341"]

1.e4 c5 2.Nf3 Nc6 3.Nc3 e5 4.Bc4 g6 5.d3 h6 6.a3 Bg7 7.b4 d6 8.O-O Nge7 9.Rb1 b6
10.Nd5 O-O 11.Ne3 Kh7 12.g4 f5 13.gxf5 gxf5 14.bxc5 bxc5 15.Kh1 f4 16.Nd5 Be6
17.Nxe7 Qxe7 18.Bxe6 Qxe6 19.c4 Nd4 20.Nxd4 cxd4 21.Qh5 Qf7 22.Qxf7 Rxf7
23.Bd2 Rc8 24.f3 Bf8 25.Rb5 Rc6  1/2-1/2

[Event "Open ch-Skopje"]
[Site "Skopje MKD"]
[Date "2010.12.12"]
[Round "9"]
[White "Jonoska,K"]
[Black "Djordjevski,J"]
[Result "1/2-1/2"]
[WhiteElo "2001"]
[BlackElo "2058"]

1.e4 c5 2.Nc3 Nc6 3.Nf3 e5 4.Bc4 d6 5.d3 h6 6.h3 Nf6 7.O-O Be7 8.Nd5 O-O
9.c3 a6 10.a4 Rb8 11.Nxf6+ Bxf6 12.Be3 b5 13.axb5 axb5 14.Bd5 Qb6 15.b4 Bb7
16.Qb3 Ne7 17.Bxb7 Rxb7 18.Ra3 Rfb8 19.Rfa1 Qc7 20.Ra6 cxb4 21.cxb4 Qd7 22.Rc1 Rc7
23.Rxc7 Qxc7 24.d4 exd4 25.Nxd4 Be5 26.Qd3 Qc4 27.Qd2 g5 28.Ra1 Rc8 29.Rd1 d5
30.exd5 Qxd5 31.Nf5 Qe6 32.Nxe7+ Qxe7 33.Qd5 Bc3 34.Qxb5 Qxb4 35.Qxb4 Bxb4
36.h4 Be7 37.hxg5 hxg5 38.g3 Kg7 39.g4 Rc4 40.Rd4 Rc3 41.Rd5 Kg6 42.Kg2  1/2-1/2

[Event "17th Open A"]
[Site "Zadar CRO"]
[Date "2010.12.12"]
[Round "1.4"]
[White "Plenkovic,Z"]
[Black "Kozul,Z"]
[Result "0-1"]
[WhiteElo "2388"]
[BlackElo "2595"]

1.e4 c5 2.Nc3 Nc6 3.Nf3 d6 4.Bb5 Bd7 5.O-O Rc8 6.Re1 a6 7.Bxc6 Bxc6 8.d4 cxd4
9.Nxd4 e6 10.Qg4 h5 11.Qg3 h4 12.Qf3 h3 13.g3 Be7 14.Bd2 Qc7 15.Rad1 Nf6
16.Bg5 Bd7 17.Re2 Kf8 18.Red2 b5 19.Nce2 Qc5 20.Bxf6 Bxf6 21.Nb3 Qh5 22.Qxh5 Rxh5
23.Rxd6 Bc6 24.Nf4 Rh8 25.e5 Bxe5 26.Rxc6 Rxc6 27.Rd8+ Ke7 28.Rxh8 g5 29.Rh5 gxf4
30.Rxe5 Rxc2 31.Kf1 fxg3 32.hxg3 Rxb2 33.Rh5 Rxa2 34.Rxh3 Kd6 35.g4 a5 36.Rd3+ Ke5
37.Nd4 Ke4 38.Rd1 b4 39.g5 a4 40.Nxe6 fxe6 41.g6 Rc2 42.Rd8 Rc7 43.Ra8 Kd3
44.Rxa4 b3 45.Ra6 b2 46.Rb6 Rc1+  0-1

[Event "WCh Women"]
[Site "Antakya TUR"]
[Date "2010.12.14"]
[Round "4.2"]
[White "Ruan Lufei"]
[Black "Harika,D"]
[Result "1/2-1/2"]
[WhiteElo "2480"]
[BlackElo "2525"]

1.e4 c5 2.Nf3 Nc6 3.Nc3 d6 4.d4 cxd4 5.Nxd4 Nf6 6.Bg5 Bd7 7.Qd2 h6 8.Bxf6 gxf6
9.O-O-O Nxd4 10.Qxd4 Qa5 11.f4 Rc8 12.Kb1 Bg7 13.f5 Qc5 14.Qd3 h5 15.Be2 h4
16.g3 Bh6 17.Rhf1 Qe3 18.gxh4 Qxd3 19.cxd3 Rg8 20.Rg1 Rxg1 21.Rxg1 Kf8 22.Bd1 e6
23.Bg4 Ke7 24.a3 b5 25.Rg2 a5 26.Rc2 b4 27.axb4 axb4 28.Ne2 Rg8 29.h3 Bb5
30.Rc7+ Kd8 31.Rxf7 exf5 32.exf5 Bxd3+ 33.Ka1 Re8 34.Rxf6 Kc7 35.Ka2 Bc4+
36.Kb1 Bd3+ 37.Ka2 Bc4+ 38.Kb1 Bd3+  1/2-1/2

[Event "48th ch-IND"]
[Site "New Delhi IND"]
[Date "2010.12.14"]
[Round "6"]
[White "Thipsay,P"]
[Black "Stany,G"]
[Result "1-0"]
[WhiteElo "2465"]
[BlackElo "2329"]

1.e4 c5 2.Nf3 Nc6 3.Nc3 Nf6 4.Bb5 Qc7 5.d3 Nd4 6.Ba4 e6 7.O-O Ng4 8.g3 Nxf3+
9.Qxf3 Ne5 10.Qe2 a6 11.f4 Nc6 12.Bxc6 Qxc6 13.f5 d6 14.Nd5 h6 15.Bd2 b6
16.c4 Bd7 17.fxe6 Bxe6 18.b4 O-O-O 19.Rab1 Bxd5 20.cxd5 Qc7 21.bxc5 dxc5
22.Qg4+ Kb7 23.Ba5 f6 24.Bxb6 Qxb6 25.Rxb6+ Kxb6 26.Rb1+ Kc7 27.Qe6 Bd6 28.Qf7+ Rd7
29.Rb7+ Kxb7 30.Qxd7+ Bc7 31.d6 Rc8 32.Qxg7  1-0

[Event "2nd Balkan Grand Prix Final"]
[Site "Belgrade SRB"]
[Date "2010.12.17"]
[Round "6"]
[White "Stojanovic,Da"]
[Black "Drenchev,P"]
[Result "1-0"]
[WhiteElo "2496"]
[BlackElo "2507"]

1.e4 c5 2.Nc3 Nc6 3.Bb5 e6 4.Bxc6 bxc6 5.d3 Ne7 6.f4 Ng6 7.Nf3 Be7 8.O-O d6
9.Kh1 f6 10.Na4 e5 11.f5 Nf8 12.c4 Nd7 13.Nh4 Nb6 14.Nc3 Kd7 15.a3 a5 16.Rb1 a4
17.Bd2 Qe8 18.b3 axb3 19.Rxb3 Bd8 20.Qg4 Rg8 21.Rfb1 Ra6 22.Qd1 Bc7 23.R3b2 g6
24.a4 Ke7 25.fxg6 hxg6 26.Qf3 Nd7 27.Rf1 Qf7 28.Be1 Ba5 29.Rbf2 Kd8 30.Qg3 Kc7
31.Rf3 Kb8 32.R3f2 Bd8 33.Rb2+ Ka8 34.Bd2 Qh7 35.Nf3 Rh8 36.Rfb1 Qh5 37.Kg1 f5
38.h3 f4 39.Qf2 Bc7 40.Rb3 g5 41.Nh2 Nf6 42.Be1 Ra7 43.Qb2 Ba6 44.Nb5 cxb5
45.axb5 Bxb5 46.Rxb5  1-0

[Event "29th European Blitz"]
[Site "Warsaw POL"]
[Date "2010.12.17"]
[Round "7"]
[White "Jobava,Ba"]
[Black "Tregubov,P"]
[Result "1-0"]
[WhiteElo "2707"]
[BlackElo "2598"]

1.e4 c5 2.Ne2 Nc6 3.Nbc3 g6 4.g3 Bg7 5.Bg2 Nf6 6.d3 O-O 7.O-O e6 8.Bg5 h6
9.Be3 b6 10.Qd2 Ng4 11.Bf4 e5 12.Be3 Nxe3 13.Qxe3 Nd4 14.Qd2 d6 15.Nd5 Be6
16.Nc1 Bxd5 17.exd5 Nf5 18.a4 Ne7 19.a5 b5 20.a6 Rb8 21.Nb3 Rb6 22.Na5 Qd7
23.Nc6 Nxc6 24.dxc6 Qe6 25.Qe3 Rd8 26.b4 d5 27.c7 Rc8 28.Qxc5 e4 29.dxe4 dxe4
30.Rad1 Rc6 31.Rd8+ Kh7 32.Qxc6 Qxc6 33.Rxc8 f5 34.Rd1 Be5 35.Rcd8  1-0

[Event "Bansko Grand Chess Open"]
[Site "Bansko BUL"]
[Date "2010.12.18"]
[Round "8.18"]
[White "Gvetadze,Sopi"]
[Black "Sotirov,N"]
[Result "0-1"]
[WhiteElo "2350"]
[BlackElo "2109"]

1.e4 c5 2.Nc3 Nc6 3.Nge2 g6 4.g3 Bg7 5.Bg2 e6 6.O-O Nge7 7.f4 O-O 8.e5 d6
9.exd6 Qxd6 10.Ne4 Qd7 11.Kh1 b6 12.Rb1 Ba6 13.b3 Rad8 14.d3 c4 15.bxc4 Bxc4
16.N2c3 Ba6 17.Bb2 Nf5 18.Qd2 Ncd4 19.Rbe1 Rc8 20.Ba1 Rfd8 21.Qf2 Nxc2 22.Qxc2 Bxd3
23.Qf2 Bxf1 24.Rxf1 Qd3 25.g4 Ne3 26.f5 Nxg4 27.Qh4 exf5 28.Ng5 h6 29.Nxf7 Kxf7
30.Qxg4 Qxf1+  0-1

[Event "European Rapid Championship"]
[Site "Warsaw POL"]
[Date "2010.12.18"]
[Round "2"]
[White "Gdanski,J"]
[Black "Przezdziecka,E"]
[Result "1-0"]
[WhiteElo "2542"]
[BlackElo "2127"]

1.e4 c5 2.Nc3 Nc6 3.Nf3 d6 4.d4 cxd4 5.Nxd4 Nf6 6.Bc4 e6 7.Be3 a6 8.Qe2 Bd7
9.Bb3 Qc7 10.O-O-O b5 11.f3 b4 12.Na4 Na5 13.g4 e5 14.Nf5 Nxb3+ 15.axb3 Bxa4
16.bxa4 g6 17.Bg5 gxf5 18.Bxf6 Rg8 19.exf5 b3 20.Kb1 bxc2+ 21.Qxc2 Qxc2+
22.Kxc2 Be7 23.Bxe7 Kxe7 24.Rd5 Rgc8+ 25.Kb1 Rab8 26.Rhd1 Rc6 27.R1d3 Rb4
28.b3 Rb7 29.Kb2 Rbc7 30.Ka3 f6 31.h4 h6 32.f4 Rc8 33.fxe5 fxe5 34.g5 hxg5
35.hxg5 Rg8 36.Rg3 Rc1 37.Ra5 Rf1 38.f6+ Ke6 39.Rxa6 e4 40.Rg4 Ke5 41.Ra7 Rxf6
42.Re7+ Re6 43.Rxe6+ Kxe6 44.Rxe4+ Kf5 45.Rb4 d5 46.a5 Rxg5 47.Ka4 Ke5 48.Rb8 Rg1
49.Rd8 d4 50.Kb5 Ke4 51.a6 Ra1 52.b4 d3 53.Kb6 Ke3 54.a7 d2 55.Kb7 Ra3 56.a8=Q  1-0

[Event "European Rapid Championship"]
[Site "Warsaw POL"]
[Date "2010.12.18"]
[Round "3"]
[White "Moskovic,D"]
[Black "Gritsak,O"]
[Result "0-1"]
[WhiteElo "2293"]
[BlackElo "2539"]

1.e4 c5 2.Nc3 Nc6 3.Bb5 Na5 4.d4 a6 5.Be2 cxd4 6.Qxd4 e6 7.Be3 b5 8.O-O-O Bb7
9.f4 Rc8 10.Nf3 Nf6 11.e5 Nd5 12.Nxd5 Bxd5 13.Qb6 Qxb6 14.Bxb6 Nc4 15.Bd4 Be7
16.b3 Na5 17.Kb2 Nc6 18.Be3 f6 19.c4 bxc4 20.bxc4 Rb8+ 21.Ka1 Be4 22.Nd4 Bb4
23.a3 Bc3+ 24.Ka2  0-1

[Event "European Rapid Championship"]
[Site "Warsaw POL"]
[Date "2010.12.18"]
[Round "4"]
[White "Macieja,B"]
[Black "Kukawski,M"]
[Result "1-0"]
[WhiteElo "2636"]
[BlackElo "2318"]

1.e4 c5 2.Nc3 Nc6 3.Nf3 e5 4.Bc4 Be7 5.d3 Nf6 6.Nd2 Na5 7.Nf1 d6 8.Ne3 O-O
9.O-O Ne8 10.Bd5 Bg5 11.a3 Be6 12.b4 cxb4 13.axb4 Qc8 14.Bxe6 fxe6 15.bxa5 Qxc3
16.Rb1 Rf7 17.Bd2 Qc6 18.Nc4 Bf4 19.g3 d5 20.Bxf4 dxc4 21.Bxe5 Rd8 22.Qe2 cxd3
23.cxd3 Qa6 24.Rb3 Qxa5 25.d4 Qa4 26.Rb2 b6 27.Rc1 Qd7 28.Rbc2 Nf6 29.Rc7 Qe8
30.Rxf7 Qxf7 31.Rc7 Rd7 32.Rc8+ Ne8 33.Qc4 Kf8 34.Qc6 Qe7 35.Qa8 g6 36.Kg2 Kf7
37.h4 h5 38.Rc3 Kg8 39.Qc6 Nd6 40.Rf3 b5 41.Bxd6 Qxd6 42.Qxb5 Qxd4 43.Qb8+ Rd8
44.Qc7 Rf8 45.Rxf8+ Kxf8 46.e5 Qe4+ 47.Kh2 Qf5 48.Qb8+ Kg7 49.Qxa7+ Kh8 50.Qe3 Kh7
51.Kg2 Qf7 52.Qf3 Qc7 53.Qf6 Qc6+ 54.Kh2 Qb7 55.Qf8 Qa7 56.Qe8 Qb7 57.Qf8 Qd7
58.Qb4 Qf7 59.Kg2 Qf5 60.Qf4 Qd3 61.Qf7+ Kh6 62.Qf8+ Kh7 63.Qf7+ Kh6 64.Qxe6 Qe4+  1-0

[Event "European Rapid Championship"]
[Site "Warsaw POL"]
[Date "2010.12.18"]
[Round "6"]
[White "Kashtanov,R"]
[Black "Anisimov,P2"]
[Result "0-1"]
[WhiteElo "2351"]
[BlackElo "2532"]

1.e4 c5 2.Nc3 Nc6 3.Nge2 Nf6 4.d4 cxd4 5.Nxd4 d6 6.f3 e5 7.Nb3 Be7 8.Be3 O-O
9.Qd2 a5 10.Bb5 Na7 11.Bd3 Be6 12.Rd1 Nc6 13.Bb5 Na7 14.Bd3 Nc8 15.a3 Nb6
16.Qf2 Nfd7 17.O-O Qc7 18.Nd2 d5 19.exd5 Nxd5 20.Nxd5 Bxd5 21.Qe2 Be6 22.Bc4 Bxc4
23.Qxc4 Rfc8 24.Qxc7 Rxc7 25.Ne4 f5 26.Nd6 Bxd6 27.Rxd6 Nf6 28.c3 Kf7 29.Rfd1 a4
30.Bg5 Ne8 31.Rb6 Ra6 32.Rb4 Nd6 33.Re1 Ke6 34.Bf4 Rc5 35.Be3 Rc4 36.Bd4 Ra5
37.f4 e4 38.Bxg7 Rxb4 39.axb4 Rd5 40.Bd4 Nb5 41.Be3 Rd3 42.Kf2 Kd5 43.Ra1 a3
44.bxa3 Nxc3 45.Bc5 Rd2+ 46.Kf1 Kc4 47.h3 Kd3 48.Re1 Nd5 49.g3 e3 50.a4 Ke4
51.Kg1 Kf3 52.a5 e2 53.b5 Ra2 54.g4 fxg4 55.hxg4 Nxf4 56.a6 bxa6 57.b6 Nd3
58.b7 Rb2  0-1

[Event "European Rapid Championship"]
[Site "Warsaw POL"]
[Date "2010.12.19"]
[Round "10"]
[White "Edouard,R"]
[Black "Moiseenko,A1"]
[Result "1/2-1/2"]
[WhiteElo "2636"]
[BlackElo "2670"]

1.e4 c5 2.Nf3 Nc6 3.Nc3 e5 4.Bc4 Be7 5.d3 Nf6 6.O-O O-O 7.a3 d6 8.h3 Nd7
9.Rb1 Nb6 10.Ba2 Be6 11.Nd5 Bxd5 12.exd5 Nd4 13.b4 Na4 14.Bd2 Nxf3+ 15.Qxf3 Bg5
16.Qd1 Bxd2 17.Qxd2 Rc8 18.c4 f5 19.Bb3 Nb6 20.Bd1 Nd7 21.Ba4 Nb6 22.Bd1  1/2-1/2

[Event "Amitan Memorial"]
[Site "Donetsk UKR"]
[Date "2010.12.20"]
[Round "1"]
[White "Demkovich,A"]
[Black "Matjushin,G"]
[Result "1/2-1/2"]
[WhiteElo "2404"]
[BlackElo "2489"]

1.e4 c5 2.Nf3 Nc6 3.Nc3 g6 4.d4 cxd4 5.Nxd4 Bg7 6.Nb3 Nf6 7.Be2 d6 8.O-O O-O
9.Be3 Be6 10.f4 Na5 11.f5 Bc4 12.Bd3 Bxd3 13.cxd3 d5 14.Nxa5 Qxa5 15.e5 d4
16.Bxd4 Nd7 17.f6 exf6 18.exf6 Bxf6 19.Bxf6 Qb6+ 20.Kh1 Nxf6 21.Qf3 Kg7 22.Rae1 Rad8
23.Re7 Rd7 24.Rxd7 Nxd7 25.b3 Qf6 26.d4 Rc8 27.Qd1 Qc6 28.Rf3 Nf6 29.h3 Nd5
30.Nxd5 Qxd5 31.Qd2 Qe4 32.d5 Rc2 33.Qg5 Qd4 34.Rf4 Rc1+ 35.Kh2 Qg1+ 36.Kg3 Qe3+
37.Kh2 Qg1+ 38.Kg3 Qe1+ 39.Kh2 Qh1+ 40.Kg3 Qe1+ 41.Kh2 Qh1+ 42.Kg3 Qe1+ 43.Kh2  1/2-1/2

[Event "48th ch-IND"]
[Site "New Delhi IND"]
[Date "2010.12.20"]
[Round "11"]
[White "Sangma,R"]
[Black "Tiwari,Ar"]
[Result "0-1"]
[WhiteElo "2400"]
[BlackElo "2341"]

1.e4 c5 2.Nf3 Nc6 3.Nc3 e5 4.Bc4 g6 5.d3 h6 6.Nd5 Bg7 7.c3 Nge7 8.b4 cxb4
9.cxb4 Nxd5 10.Bxd5 Nxb4 11.Qb3 Nxd5 12.Qxd5 O-O 13.Ba3 d6 14.Qxd6 Qxd6 15.Bxd6 Re8
16.Ke2 b6 17.Rhc1 Ba6 18.Ne1 Rad8 19.Bc7 Rd7 20.Rc2 Bf8 21.Rac1 Ba3 22.Rb1 Bc5
23.Bb8 f6 24.a4 Red8 25.Rb3 Be7 26.Rc7 Rxc7 27.Bxc7 Rc8 28.Rc3 Bc5 29.Rxc5 bxc5
30.Ba5 c4 31.Kd2 cxd3 32.Nxd3 Rc4 33.Nb4 Rxe4 34.f3 Re2+ 35.Kd1 Bc4 36.Nd5 Rxg2
37.Nxf6+ Kf7 38.Ng4 Ke6 39.Bc3 e4 40.Ne3 Bb3+ 41.Ke1 Rxh2 42.fxe4 Bxa4 43.Nd5 g5
44.Nc7+ Kd6 45.Na6 Bb5 46.e5+ Kc6 47.Nb4+ Kc5  0-1

[Event "Amitan Memorial"]
[Site "Donetsk UKR"]
[Date "2010.12.23"]
[Round "5"]
[White "Volovikov,An"]
[Black "Soltanici,R"]
[Result "0-1"]
[WhiteElo "2324"]
[BlackElo "2415"]

1.e4 c5 2.Nc3 Nc6 3.Bb5 Nd4 4.a4 g6 5.Nge2 Bg7 6.O-O e6 7.Nxd4 cxd4 8.Ne2 Ne7
9.c3 a6 10.Bc4 Nc6 11.cxd4 Nxd4 12.Nxd4 Bxd4 13.d3 O-O 14.a5 d5 15.exd5 exd5
16.Bb3 Be6 17.Ra4 Qf6 18.Rb4 Bxb2 19.Bxd5 Bxc1 20.Bxe6 Bf4 21.Bh3 Bxh2+ 22.Kh1 Bc7
23.Rxb7 Bxa5 24.Qb3 Bc3 25.g3 a5 26.Bg2 a4 27.Qa2 Ra5 28.Rfb1 Bd4 29.Kg1 Rf5
30.Rf1 Rg5 31.Kh2 Rh5+ 32.Kg1 Qe5 33.Qc4 Qxg3 34.Qc7 Qh4 35.Rb4 Bxf2+  0-1

[Event "Amitan Memorial"]
[Site "Donetsk UKR"]
[Date "2010.12.24"]
[Round "6"]
[White "Sitnikov,A"]
[Black "Demkovich,A"]
[Result "1-0"]
[WhiteElo "2470"]
[BlackElo "2404"]

1.e4 c5 2.Nc3 Nc6 3.Nge2 g6 4.d4 cxd4 5.Nxd4 Bg7 6.Nb3 Nf6 7.Bg5 O-O 8.Qd2 d6
9.O-O-O a5 10.a4 Nb4 11.Kb1 Be6 12.Nd4 Qc8 13.f3 Re8 14.h4 Bc4 15.g4 Bxf1
16.Rdxf1 Qc4 17.Ndb5 Rac8 18.h5 Nd7 19.hxg6 fxg6 20.Qh2 Nf8 21.Be3 Qf7 22.Bd2 Rc5
23.f4 Rec8 24.e5 dxe5 25.f5 g5 26.b3 e4 27.Qg3 Qf6 28.Rh3 h6 29.Re1 Re5 30.Qe3 Nd7
31.Qd4 Nc5 32.Qc4+ Kf8 33.Be3 Rc6 34.Na7 Nxa4 35.Nxc6 Nxc3+ 36.Qxc3 Nxc6
37.Bc1 Qd6 38.Bb2 a4 39.bxa4 Ke8 40.Qb3 Bf6 41.Rxh6 Nd4 42.Qxb7 Rc5 43.Rxf6 Qxf6
44.Qxe4 Rc4 45.Qa8+ Kd7 46.Qd5+  1-0

[Event "Amitan Memorial"]
[Site "Donetsk UKR"]
[Date "2010.12.25"]
[Round "8"]
[White "Soltanici,R"]
[Black "Kutsyj,A"]
[Result "0-1"]
[WhiteElo "2415"]
[BlackElo "2305"]

1.e4 c5 2.Nf3 Nc6 3.Nc3 e5 4.Bc4 Be7 5.d3 Nf6 6.Nd2 d6 7.Nf1 Bg4 8.f3 Be6
9.Ne3 O-O 10.O-O Nd4 11.a4 Rb8 12.Ncd5 Nd7 13.f4 exf4 14.Nxf4 Bxc4 15.Nxc4 Ne5
16.Ne3 Bg5 17.Nfd5 Kh8 18.Kh1 Qd7 19.c3 Bxe3 20.Bxe3 Ndc6 21.b4 b6 22.d4 cxd4
23.cxd4 Ng6 24.Rc1 Rbc8 25.Qd3 Nce7 26.Rxc8 Qxc8 27.Rc1 Qe6 28.Nc7 Qg4 29.h3 Qg3
30.Qd2 h6 31.Nb5 d5 32.e5 f5 33.Qf2 Qxf2 34.Bxf2 Rc8 35.Rxc8+ Nxc8 36.a5 Kg8
37.Be1 Kf7 38.Nc7 Nf4 39.Bc3 Ke7 40.axb6 axb6 41.Bd2 Kd7 42.Nb5 Ne6 43.Be3 Kc6
44.Nc3 Na7 45.g3 g5 46.Kg2 Nb5 47.Ne2 Na3 48.Nc3 b5 49.h4 Nc2 50.Kf2 Ncxd4
51.Bxd4 Nxd4 52.Nd1 Kd7 53.Nb2 Ke6 54.Nd3 Nc6  0-1

[Event "Czech Chess Christmas 2010-11"]
[Site "Litomysl CZE"]
[Date "2010.12.26"]
[Round "1.9"]
[White "Madan,A"]
[Black "Prachar,J"]
[Result "1-0"]
[WhiteElo "2339"]
[BlackElo "1922"]

1.e4 c5 2.Nc3 Nc6 3.Bb5 Nf6 4.Bxc6 dxc6 5.d3 e5 6.f4 exf4 7.Bxf4 Be6 8.Nf3 h6
9.O-O Be7 10.h3 O-O 11.Qd2 Nh7 12.Rae1 b6 13.Kh1 Rc8 14.e5 Ng5 15.Ne4 Nxe4
16.Rxe4 Bd5 17.Ra4 a5 18.Bxh6 c4 19.Be3 Bb4 20.Qf2 b5 21.Rxb4 axb4 22.Bc5 Re8
23.Bxb4 Re6 24.d4 Rg6 25.Kh2 Ra8 26.a3 Bxf3 27.Qxf3 Qd5 28.Bc5 Re8 29.b3 cxb3
30.cxb3 Ra8 31.g4 Qxf3 32.Rxf3 Re6 33.g5 g6 34.Kg3 Ra6 35.Kf4 Kg7 36.Bd6 Ra8
37.Rc3 Ra6 38.Ke4 Re8 39.d5 cxd5+ 40.Kxd5 Ra7 41.Rc6 Rd8 42.Ke4 Re8 43.Rb6 Rd7
44.Kd5 Rc8 45.Rxb5 Rc3 46.h4 Rd8 47.a4 Rdc8 48.Rc5 R8xc5+ 49.Bxc5 Rxb3 50.a5 Rb5
51.a6 Ra5 52.a7 Ra6 53.Kc4 Kg8 54.Kb5 Ra2 55.Bb6  1-0

[Event "Amitan Memorial"]
[Site "Donetsk UKR"]
[Date "2010.12.27"]
[Round "10"]
[White "Sitnikov,A"]
[Black "Kutsyj,A"]
[Result "1-0"]
[WhiteElo "2470"]
[BlackElo "2305"]

1.e4 c5 2.Nc3 Nc6 3.Nge2 Nf6 4.d4 cxd4 5.Nxd4 e5 6.Ndb5 d6 7.Nd5 Nxd5 8.exd5 Nb8
9.c4 Be7 10.Be3 a6 11.Nc3 O-O 12.Bd3 f5 13.f3 Bh4+ 14.g3 Bg5 15.Bf2 Nd7 16.Bc2 Qc7
17.h4 Be7 18.Qe2 b6 19.O-O Bb7 20.a4 Rac8 21.b3 Qd8 22.Kg2 g6 23.h5 Bf6 24.Qd2 Qe7
25.Rac1 Bg7 26.Rh1 Rce8 27.hxg6 hxg6 28.Be3 Bc8 29.b4 a5 30.bxa5 bxa5 31.Bg5 Nf6
32.Nb5 e4 33.fxe4 fxe4 34.Rh4 e3 35.Qe2 Bf5 36.Bxf5 gxf5 37.Rc3 f4 38.Bxf4 Qe4+
39.Kh2 Qg6 40.Nxd6 Re7 41.Rb3 Bh8 42.Kg2 Rg7 43.Rxe3 Nxd5 44.cxd5  1-0

[Event "Surfers Paradise Open"]
[Site "Gold Coast AUS"]
[Date "2010.12.27"]
[Round "4"]
[White "Ly,Mo"]
[Black "Brown,An"]
[Result "1-0"]
[WhiteElo "2321"]
[BlackElo "2175"]

1.e4 c5 2.Nc3 Nc6 3.Nf3 e5 4.Bc4 g6 5.d3 h6 6.a4 Bg7 7.Nd2 Nge7 8.Nf1 d6
9.Ne3 O-O 10.O-O Kh7 11.Ned5 f5 12.f4 exf4 13.exf5 Nxf5 14.Bxf4 Ne5 15.Ba2 g5
16.Bd2 Nd4 17.Ne3 Bd7 18.Bd5 Bc6 19.Be4+ Bxe4 20.Nxe4 d5 21.Ng3 Rxf1+ 22.Ngxf1 Qd7
23.c3 Ne6 24.Ng4 Rf8 25.Nxe5 Bxe5 26.g3 d4 27.Qg4 dxc3 28.bxc3 Bg7 29.Re1 Rf6
30.Qe4+ Kh8 31.Ne3 Nf8 32.Rf1 Rd6 33.Nf5 Rxd3 34.Nxg7 Kxg7 35.Be3 b6 36.Bd4+ Rxd4
37.cxd4 Qxd4+ 38.Qxd4+ cxd4 39.a5 bxa5 40.Ra1 Ne6 41.Rxa5 g4 42.Rxa7+ Kf6
43.Ra5 Ng5 44.Kf2 Nf3 45.h3 Ne5 46.hxg4 Ke6 47.Rb5 Nf7 48.Kf3 d3 49.Ke3 Ne5
50.Ke4 Nxg4 51.Rb6+ Kf7 52.Kxd3 Nf6 53.Kd4 Nh5 54.Rxh6 Nxg3 55.Ke5 Ne2 56.Rh3 Kg6
57.Re3 Nc1 58.Kd4 Kf5 59.Kc3 Na2+ 60.Kb3 Nc1+ 61.Kc2 Kf4 62.Re8 Na2 63.Rb8  1-0

[Event "North American Open"]
[Site "Las Vegas USA"]
[Date "2010.12.27"]
[Round "3"]
[White "Mitkov,N1"]
[Black "Young,G"]
[Result "1/2-1/2"]
[WhiteElo "2523"]
[BlackElo "2296"]

1.e4 c5 2.Nc3 Nc6 3.Bb5 Nd4 4.Ba4 a6 5.Bb3 d6 6.Nge2 g6 7.Nxd4 cxd4 8.Ne2 Bg7
9.O-O Nf6 10.d3 Nd7 11.c3 dxc3 12.bxc3 O-O 13.d4 b5 14.f4 Bb7 15.Qd3 d5 16.e5 e6
17.Bd2 f5 18.exf6 Nxf6 19.Ng3 Re8 20.Rae1 Rc8 21.Re3 Ne4 22.Kh1 Nd6 23.Ne2 Qf6
24.Ng1 Ne4 25.Nf3 Qxf4 26.Be1 Bh6 27.Re2 Qf5 28.Bc2 Qh5 29.g4 Qh3 30.Rg2 Rf8
31.Qe2 Nxc3 32.Bxc3 Rxc3 33.Bd3 Bc8 34.g5 Bg7 35.Rg3 Qh5 36.Qd2 b4 37.Be2 Bd7
38.Ng1 Rxf1 39.Bxh5 Rxg3 40.hxg3 gxh5 41.Qxb4 Bb5 42.Kg2 Rf7 43.Nf3 Bd3 44.Ne5 Be4+
45.Kg1 Bxe5 46.dxe5 Rd7 47.Qa4 Rd8 48.Qa5 Ra8 49.Qb6 Bf5 50.a4 a5 51.Qb7 Rd8
52.Qc7 Ra8 53.Kf2 d4 54.Ke1 d3 55.Kd2 Rf8 56.Qxa5 Rc8 57.Ke3 Rc2 58.Qd8+ Kf7
59.Qd7+ Kf8 60.g6 hxg6 61.a5 d2 62.a6 Bg4 63.a7 Ra2 64.a8=R+ Rxa8 65.Kxd2 Kg8
66.Ke3 Rf8 67.Kd4 Rf7 68.Qe8+ Kg7 69.Kc5 Bh3 70.Kd6 Bg4 71.Qd8 Bf5 72.Qg5 Bg4
73.Qe3 Bh3 74.Kc5 Bg4 75.Kd4 Bh3 76.Ke4 Bg4 77.Qd2 Bf5+  1/2-1/2

[Event "34th Christmas Master Open"]
[Site "Zuerich SUI"]
[Date "2010.12.27"]
[Round "2"]
[White "Gaehler,M"]
[Black "Bauer,Ch"]
[Result "0-1"]
[WhiteElo "2319"]
[BlackElo "2619"]

1.e4 c5 2.Nc3 Nc6 3.Bb5 Na5 4.f4 e6 5.Nf3 a6 6.Be2 d6 7.O-O Nf6 8.a3 Be7
9.b4 Nc6 10.bxc5 dxc5 11.d3 O-O 12.Kh1 b5 13.e5 Nd5 14.Ne4 f5 15.exf6 Bxf6
16.Nxf6+ Qxf6 17.Bd2 Nxf4 18.Ng1 Qe5 19.Bf3 Bd7 20.Be4 Nd5 21.Re1 Qd6 22.Nh3 Rae8
23.Bg5 e5 24.Qh5 g6 25.Qh4 Nd4 26.Rac1 Bxh3 27.Qxh3 Nc3 28.Qe3 b4 29.Qd2 Rf7
30.Be3 a5 31.Ra1 a4 32.Kg1 Ref8 33.h3 Nxe4 34.dxe4 Rf2 35.Qd1 Rxc2 36.axb4 cxb4
37.Rxa4 Ne2+ 38.Kh2 Qxd1 39.Rxd1 Nc3  0-1

[Event "North American Open"]
[Site "Las Vegas USA"]
[Date "2010.12.28"]
[Round "4"]
[White "Liu,E"]
[Black "Shabalov,A"]
[Result "0-1"]
[WhiteElo "2284"]
[BlackElo "2591"]

1.e4 c5 2.Nc3 Nc6 3.Bb5 Nd4 4.Bc4 g6 5.Nf3 Bg7 6.Nxd4 cxd4 7.Qf3 Nh6 8.d3 Qa5
9.Bxh6 Bxh6 10.Qxf7+ Kd8 11.Qd5 Qxd5 12.Nxd5 e6 13.Nf6 Bg7 14.e5 Bxf6 15.exf6 Rf8
16.f4 b6 17.g3 Bb7 18.Rf1 Rxf6 19.O-O-O Ke7 20.Rde1 Raf8 21.h4 Rf5 22.Rf2 h6
23.Rh2 R8f7 24.Bb3 Kd6 25.Rf2 Ke7 26.Rh2 Bc6 27.c3 dxc3 28.bxc3 g5 29.fxg5 hxg5
30.Bd1 Rf2 31.Rxf2 Rxf2 32.hxg5 Rxa2 33.d4 Bd5 34.Kb1 Rf2 35.Bc2 Rg2 36.Re3 a5
37.Bd3 Rg1+ 38.Kb2 Rg2+ 39.Kb1 Rg1+ 40.Kb2 Rg2+ 41.Kc1 Bb3 42.Be4 Rh2 43.Rf3 a4
44.Rf1 a3 45.Kb1 Re2 46.Bh7 Rg2 47.Be4 Rxg3 48.g6 d5 49.Bc2 a2+  0-1

[Event "Czech Chess Christmas 2010-11"]
[Site "Litomysl CZE"]
[Date "2010.12.28"]
[Round "4.10"]
[White "Kastner,O"]
[Black "Jedlicka,A"]
[Result "1/2-1/2"]
[WhiteElo "2070"]
[BlackElo "2261"]

1.e4 c5 2.Nc3 Nc6 3.Nf3 d6 4.d4 cxd4 5.Nxd4 Nf6 6.Be2 e5 7.Nb3 Be7 8.O-O O-O
9.Bf3 a5 10.Be3 a4 11.Nc1 a3 12.bxa3 Rxa3 13.Nb3 Na5 14.Bc1 Nxb3 15.cxb3 Ra8
16.h3 Be6 17.Be3 Qa5 18.Bd2 Qc7 19.Rc1 Qd7 20.Be3 Bd8 21.a4 h6 22.b4 Bc4
23.Re1 Re8 24.a5 Rc8 25.Be2 Qe6 26.Bg4 Nxg4 27.Qxg4 Qxg4 28.hxg4 Be6 29.f3 Rc4
30.Na2 Be7 31.Rxc4 Bxc4 32.Nc3 Rc8 33.b5 Bd8 34.Ra1 Bd3 35.Bd2 Ra8 36.a6 Bb6+
37.Kh2 bxa6 38.Nd5 Bd4 39.Rxa6 Rxa6 40.bxa6 Bxa6 41.Ba5 Bb7 42.Ne7+ Kf8 43.Nf5 g6
44.Nxd6 Ba6 45.Bb4 Kg8 46.Ne8 Bc4 47.Nf6+ Kg7 48.Ne8+ Kg8  1/2-1/2

[Event "34th Christmas Master Open"]
[Site "Zuerich SUI"]
[Date "2010.12.29"]
[Round "5"]
[White "Angst,R"]
[Black "Jussupow,N"]
[Result "0-1"]
[WhiteElo "2005"]
[BlackElo "2127"]

1.e4 c5 2.Nc3 Nc6 3.Bb5 a6 4.Bxc6 bxc6 5.d3 d6 6.f4 g6 7.Nf3 Bg7 8.O-O Nh6
9.f5 gxf5 10.Qe1 fxe4 11.dxe4 Ng4 12.Qh4 Be6 13.Ne2 Qb6 14.Nf4 c4+ 15.Kh1 Bf6
16.Qg3 Ne5 17.Nh5 O-O-O 18.Nxf6 exf6 19.h3 Rdg8 20.Qf2 Qxf2 21.Rxf2 Nxf3
22.Rxf3 f5 23.Bf4 fxe4 24.Ra3 Kd7 25.Rxa6 Ra8 26.Rxa8 Rxa8 27.Kg1 f6 28.Kf2 d5
29.Ke3 Rg8 30.g3 Bxh3 31.Kd4 Ra8 32.b3 cxb3 33.cxb3 Ra5 34.b4 Ra3 35.b5 Rd3+
36.Kc5 cxb5 37.Kxb5 e3 38.Re1 d4 39.Kc4 Rd2 40.a4 Kc6 41.Ra1 Be6+ 42.Kb4 Rb2+
43.Ka5 Bc4 44.Rc1 Kd5  0-1

[Event "Czech Chess Christmas 2010-11"]
[Site "Litomysl CZE"]
[Date "2010.12.31"]
[Round "7.4"]
[White "Bolacky,J"]
[Black "Cerveny,M"]
[Result "1-0"]
[WhiteElo "2237"]
[BlackElo "2317"]

1.e4 c5 2.Nc3 Nc6 3.Nf3 d6 4.d4 cxd4 5.Nxd4 Nf6 6.Bc4 e6 7.Be3 Be7 8.Qe2 O-O
9.O-O-O Nxd4 10.Bxd4 Qa5 11.Kb1 e5 12.Be3 b5 13.Bb3 Rb8 14.Rhg1 Be6 15.g4 Bc4
16.Qf3 Rfc8 17.g5 Nd7 18.Nd5 Bf8 19.Qf5 Qd8 20.Rg3 Be7 21.Bxa7 g6 22.Qg4 Ra8
23.Be3 Nc5 24.Rh3 Nxb3 25.Bb6 Nd2+ 26.Kc1 Qf8 27.Rxd2 Bxd5 28.Rxd5 Ra6 29.Rxb5 Qe8
30.Rhb3 Rxa2 31.Ba5 Ra1+ 32.Kd2 Kg7 33.Bc3 Qd8 34.h4 Rh1 35.Ke2 Qc7 36.R3b4 Bf8
37.Rb7 Qc6 38.Qf3 Qa6+ 39.Kd2 Qa2 40.Rb3 Rxh4 41.Qxf7+ Kh8 42.Qf6+ Kg8 43.Qe6+ Kh8
44.Qxc8 Rf4 45.Qd7  1-0